000 00538nam a2200181Ia 4500
003 3228
005 20260129101210.0
008 210817s9999 xx e 000 1 AFR d
020 _a0799319201
_qHardcover (hbk)
040 _aRDA
_c3228
082 _aAF MANS
100 _aMans, Villa
_963670
245 0 _aAs die liefde wink /
_cVilla Mans; Stofomslagontwerp: Rassie Erasmus
250 _aEerste Druk
260 _aPretoria
_bPresident-Boekklub
_c1993
300 _a168 Pages;
_bJacket;
_c21 cm.
942 _cBK
_2ddc
_y296
_zPhillipina Naude
999 _c196039
_d196038